00430nam a2200121Ia 45000010005000000080041000050820020000461000083000662450090001492600025002399010029002649990015002932611241024s9999 xx 000 0 und d aRD/370.19/R426c aRepública Dominicana. Secretaría de Estado de Educación y Cultura (SEEC) 0aConstruyamos un proyecto educativo de centro. Hacia centro educativo de mayor calidad bEd. Centenarioc1998 a28/11/2012 11:25:11 a.m. c9263d9263